Normal view
MARC view
Entry Personal Name
001 - CONTROL NUMBER
- control field: 162767
003 - CONTROL NUMBER IDENTIFIER
- control field: OSt
005 - DATE AND TIME OF LATEST TRANSACTION
- control field: 20220923212806.0
008 - FIXED-LENGTH DATA ELEMENTS
- fixed length control field: 220923|| aca||aabn | a|a d
040 ## - CATALOGING SOURCE
- Original cataloging agency: OSt
- Transcribing agency: OSt
100 ## - HEADING--PERSONAL NAME
- Personal name: रावत, चन्द्र भान; खंडे़लवाल, राज कुमार
670 ## - SOURCE DATA FOUND
- Source citation: Work cat.: (OSt)311305: रावत, चन्द्र भान; खंडे़लवाल, राज कुमार, शोध, 1979
